|
|
|
|
| LEADER |
00795nta a2200181 i 4500 |
| 001 |
dipl31820 |
| 005 |
20180306134457.0 |
| 008 |
110707s2011 hu om 0|| zxx d |
| 040 |
|
|
|a SZTE Diploma Repozitórium
|b hun
|
| 041 |
|
|
|a zxx
|
| 100 |
1 |
|
|a Brinkus Balázs
|
| 245 |
1 |
0 |
|a Nabaztag robot irányítása Android alapú készülékről
|h [elektronikus dokumentum] /
|c Balázs Brinkus
|
| 260 |
|
|
|c 2011
|
| 650 |
|
4 |
|a Informatika
|
| 700 |
1 |
|
|a Matijevics István
|e ths
|
| 856 |
4 |
0 |
|u http://diploma.bibl.u-szeged.hu/id/eprint/31820/1/2011_brinkus_balazs.PDF
|z Dokumentum-elérés
|
| 856 |
4 |
0 |
|u http://diploma.bibl.u-szeged.hu/id/eprint/31820/2/2011_brinkus_balazs_biralat.pdf
|z Dokumentum-elérés
|
| 856 |
4 |
0 |
|u http://diploma.bibl.u-szeged.hu/id/eprint/31820/3/2011_brinkus_balazs_melleklet.tgz
|z Dokumentum-elérés
|